| 000 | 00498nam a22001577a 4500 | ||
|---|---|---|---|
| 020 | _a0199467064 | ||
| 082 |
_a338.5024658 _bSAL |
||
| 100 | _aSalvatore, Dominick | ||
| 245 |
_aManagerial Economics: _bPrinciples and Worldwide Applications / _cDominick Salvatore and Siddhartha K. Rastogi |
||
| 250 | _a8th Edition. | ||
| 260 |
_aNew Delhi: _bOxford University, _c2017. |
||
| 300 |
_a613p. ; _c24 cm. |
||
| 942 |
_2ddc _cBK |
||
| 999 |
_c587713 _d587713 |
||